000 00547nam a2200205Ia 4500
005 20250923145125.0
008 008 250917s9999 xx 000 0 eng d
037 _aTextual
040 _aDSWL
_beng
_cDSWL
041 _aeng
_2eng
084 _az2
_qDSWL
100 _aHolmes, W.Robert
_9832006
245 0 _aResearch facilities in Delhi
_cby W.Robert Holmes
260 _aDelhi
_bBooksellers & Pub
_c1967
300 _a231 p.
365 _aINR
_b10
925 _g10
942 _cTEXL
_hz2
999 _c1447445
_d1447445